Uplatnenie štatistických metód v manažérstve kvality : Diplomová práca

Salvato in:
Dettagli Bibliografici
Autore principale: Durcová, Michaela (Autore)
Altri autori: Kučerová, Marta, 1957- (xxx)
Natura: Manoscritto Libro
Lingua:slovacco
Pubblicazione: Trnava : STU v Bratislave MtF KIK, 2004
Soggetti:
Tags: Aggiungi Tag
Nessun Tag, puoi essere il primo ad aggiungerne!!

MARC

LEADER 00000ntm a22000003a 4500
001 stu88687
005 20160719154714.7
008 040713s2004----xo------------------slo-d
040 |a STU  |b slo 
041 0 |a slo 
044 |a xo 
100 1 |a Durcová, Michaela  |4 aut 
245 1 |a Uplatnenie štatistických metód v manažérstve kvality :  |b Diplomová práca 
260 |a Trnava :  |b STU v Bratislave MtF KIK,  |c 2004 
300 |a 78 s  |c príl 
650 7 |a inžinierstvo kvality produkcie  |2 stusub 
650 7 |a metódy štatistické  |2 stusub 
650 7 |a kvalita  |2 stusub 
650 7 |a manažment kvality  |2 stusub 
700 1 |a Kučerová, Marta,  |d 1957-  |4 xxx  |u M4000  |U MTF Materiálovotechnologická fakulta  |T MTF Ústav priemyselného inžinierstva a manažmentu  |X 1489  |U M4000  |Y 84  |7 A000001489 
996 |b 284M059665  |c M*DP-4927  |l MMSKP  |s P  |a 0  |w stu88687_0001